PSYCHOLOGY & SOCIOLOGY FOR GNM & BPT STUDENTS (Record no. 10854)
[ view plain ]
| 000 -LEADER | |
|---|---|
| fixed length control field | 00328nam a22001457a 4500 |
| 003 - CONTROL NUMBER IDENTIFIER | |
| control field | SGT |
| 082 ## - DEWEY DECIMAL CLASSIFICATION NUMBER | |
| Classification number | 150 |
| Item number | P14A |
| 100 ## - MAIN ENTRY--PERSONAL NAME | |
| Personal name | ANITHIKAD, JACOB |
| 245 ## - TITLE STATEMENT | |
| Title | PSYCHOLOGY & SOCIOLOGY FOR GNM & BPT STUDENTS |
| 250 ## - EDITION STATEMENT | |
| Edition statement | 3RD |
| 260 ## - PUBLICATION, DISTRIBUTION, ETC. (IMPRINT) | |
| Place of publication, distribution, etc | INDIA |
| Name of publisher, distributor, etc | JAYPEE |
| Year of Publication | 2014 |
| 300 ## - PAGE DESCRIPTION | |
| No. of Pages | 262 |
| 650 ## - SUBJECT ADDED ENTRY--TOPICAL TERM | |
| Topical term or geographic name as entry element | PSYCHOLOGY |
| 942 ## - ADDED ENTRY ELEMENTS (KOHA) | |
| Source of classification or shelving scheme | Dewey Decimal Classification |
| Koha item type | Books |
| 942 ## - ADDED ENTRY ELEMENTS (KOHA) | |
| -- | 70 |
| Withdrawn status | Lost status | Source of classification or shelving scheme | Damaged status | Not for loan | Collection code | Home library | Current library | Shelving location | Date acquired | Vendor Name | Cost, normal purchase price | SGTU | Bill Number | Total Checkouts | Full call number | Accession No. (Barcode) | Date last seen | Date last borrowed | Bill Date | Koha item type | Total Renewals | Checked out |
|---|---|---|---|---|---|---|---|---|---|---|---|---|---|---|---|---|---|---|---|---|---|---|
| Dewey Decimal Classification | NURSING | SGT Medical Library | SGT Medical Library | Text Book | 09/02/2017 | ABC | 325.00 | SGTU | 7429 | 22 | 150 P14A | FN3256 | 18/12/2025 | 17/12/2025 | 04/11/2016 | Books | ||||||
| Dewey Decimal Classification | NURSING | SGT Medical Library | SGT Medical Library | Text Book | 09/02/2017 | ABC | 325.00 | SGTU | 7429 | 19 | 150 P14A | FN3257 | 07/01/2025 | 07/01/2025 | 04/11/2016 | Books | ||||||
| Dewey Decimal Classification | NURSING | SGT Medical Library | SGT Medical Library | Text Book | 09/02/2017 | ABC | 325.00 | SGTU | 7429 | 11 | 150 P14A | FN3258 | 25/06/2024 | 13/06/2024 | 04/11/2016 | Books | ||||||
| Dewey Decimal Classification | NURSING | SGT Medical Library | SGT Medical Library | Text Book | 09/02/2017 | ABC | 325.00 | SGTU | 7429 | 15 | 150 P14A | FN3259 | 02/01/2024 | 02/01/2024 | 04/11/2016 | Books | 1 | 16/01/2024 | ||||
| Dewey Decimal Classification | NURSING | SGT Medical Library | SGT Medical Library | Text Book | 09/02/2017 | ABC | 325.00 | SGTU | 7429 | 16 | 150 P14A | FN3260 | 26/06/2025 | 14/06/2025 | 04/11/2016 | Books | ||||||
| Dewey Decimal Classification | NURSING | SGT Medical Library | SGT Medical Library | Text Book | 09/02/2017 | ABC | 325.00 | SGTU | 7429 | 8 | 150 P14A | FN3261 | 03/08/2023 | 28/07/2023 | 04/11/2016 | Books | ||||||
| Dewey Decimal Classification | NURSING | SGT Medical Library | SGT Medical Library | Text Book | 09/02/2017 | ABC | 325.00 | SGTU | 7429 | 17 | 150 P14A | FN3262 | 18/12/2025 | 13/12/2025 | 04/11/2016 | Books | ||||||
| Dewey Decimal Classification | NURSING | SGT Medical Library | SGT Medical Library | Text Book | 09/02/2017 | ABC | 325.00 | SGTU | 7429 | 16 | 150 P14A | FN3263 | 02/04/2026 | 20/03/2026 | 04/11/2016 | Books | ||||||
| Dewey Decimal Classification | NURSING | SGT Medical Library | SGT Medical Library | Text Book | 09/02/2017 | ABC | 325.00 | SGTU | 7429 | 18 | 150 P14A | FN3264 | 24/01/2026 | 10/12/2025 | 04/11/2016 | Books | ||||||
| Dewey Decimal Classification | NURSING | SGT Medical Library | SGT Medical Library | Text Book | 09/02/2017 | ABC | 325.00 | SGTU | 7429 | 11 | 150 P14A | FN3265 | 18/12/2025 | 15/12/2025 | 04/11/2016 | Books | ||||||
| Dewey Decimal Classification | MEDICAL | SGT Medical Library | SGT Medical Library | Text Book | 29/06/2017 | ABC | 225.00 | SGTU | 8041 | 12 | 150 P14A | FM8571 | 14/05/2026 | 30/04/2026 | 29/06/2017 | Books | ||||||
| Dewey Decimal Classification | MEDICAL | SGT Medical Library | SGT Medical Library | Text Book | 29/06/2017 | ABC | 225.00 | SGTU | 8041 | 5 | 150 P14A | FM8572 | 21/06/2025 | 17/06/2025 | 29/06/2017 | Books | ||||||
| Dewey Decimal Classification | MEDICAL | SGT Medical Library | SGT Medical Library | Text Book | 29/06/2017 | ABC | 225.00 | SGTU | 8041 | 8 | 150 P14A | FM8573 | 18/03/2025 | 18/03/2025 | 29/06/2017 | Books | ||||||
| Dewey Decimal Classification | MEDICAL | SGT Medical Library | SGT Medical Library | Text Book | 29/06/2017 | ABC | 225.00 | SGTU | 8041 | 6 | 150 P14A | FM8574 | 25/06/2024 | 19/06/2024 | 29/06/2017 | Books | ||||||
| Dewey Decimal Classification | MEDICAL | SGT Medical Library | SGT Medical Library | Text Book | 29/06/2017 | ABC | 225.00 | SGTU | 8041 | 11 | 150 P14A | FM8575 | 10/12/2024 | 25/11/2024 | 29/06/2017 | Books |